000 00245nam a22001217a 4500
008 190206b xxu||||| |||| 00| 0 eng d
041 _aeng
080 _a510
100 _a38
101 _aMAT
245 _aGeometry
_cFoster
942 _2udc
_cBK
999 _c54098
_d54098